| 000 | 00654nam a22001937a 4500 | ||
|---|---|---|---|
| 005 | 20170530154156.0 | ||
| 010 | _aENG-118462 | ||
| 020 |
_a97893862288141 _c800.00 |
||
| 035 | _aEN-101994 | ||
| 037 | _bDBAD/PUB | ||
| 082 | _a338.954 | ||
| 245 |
_aRegional integration in South Asia : _cedited by Prabir De [and] Mustafizur Rehman _bessays in honour of Dr. M. Rahmatullah / |
||
| 260 |
_aNew Delhi _bKW Publishers _c2017 |
||
| 270 |
_a4676/21,First Floor Ansari Road, Darya Ganj, _bNew Delhi _e110002 |
||
| 300 |
_axx,268p. _c23cm(Hb) |
||
| 700 | _aDe, Prabir | ||
| 700 | _aMustafizur Rehman | ||
| 942 |
_2ddc _cEN _mREG _h338.954 |
||
| 999 |
_c140565 _d140565 |
||